Green imperialism : colonial expansion, tropical island Edens, and the origins of environmentalism, 1600-1860
Αποθηκεύτηκε σε:
| Κύριος συγγραφέας: | |
|---|---|
| Μορφή: | Βιβλίο |
| Γλώσσα: | English |
| Δημοσίευση: |
Cambridge :
Cambridge University Press,
1995, 1997
|
| Σειρά: | Studies in environment and history
|
| Θέματα: | |
| Ετικέτες: |
Προσθήκη ετικέτας
Δεν υπάρχουν, Καταχωρήστε ετικέτα πρώτοι!
|
MARC
| LEADER | 00000nam a2200000 i 4500 | ||
|---|---|---|---|
| 001 | 1/103035 | ||
| 008 | 090318r19951997 eng d | ||
| 020 | |a 0-521-56513-8 | ||
| 035 | |l 10103894 | ||
| 040 | |a GR-MY-UA |b gre |e aacr | ||
| 041 | 0 | |a eng | |
| 082 | 0 | |a 333.720903 |2 (22) | |
| 100 | 1 | |a Grove, Richard |q (Richard H.) | |
| 245 | 1 | 0 | |a Green imperialism : |b colonial expansion, tropical island Edens, and the origins of environmentalism, 1600-1860 / |c Richard H. Grove |
| 260 | |a Cambridge : |b Cambridge University Press, |c 1995, 1997 | ||
| 300 | |a xiv, 540 σ.; |b εικ., χάρτες; |c 24 εκ. | ||
| 490 | 1 | |a Studies in environment and history | |
| 504 | |a Βιβλιογραφία: σ. 487-525 | ||
| 504 | |a Ευρετήριο: σ. 527-540 | ||
| 610 | 1 | 0 | |a East India Company |x History. |
| 650 | 0 | 0 | |a Environmentalism |x History. |
| 830 | 0 | |a Studies in environment and history | |
| 852 | |a INST |b LESVOS |e 20090318 |h 333.720903 GRO |p 005100044621 |q 005100044621 |t BK |y 0 | ||
| 901 | |a BIBL1-2009-1 | ||
| 909 | |a Λ |b 154057 | ||
| 922 | |a 1ΕΛΗ |b 200809 |c ΕΠΕΑΕΚ2/ΤΠ |d ΜΙΧΑΛΟΠΟΥΛΟΣ | ||
| 970 | |a ΚΑΡΑ |b ΓΙΑΣΕΜΗ |z 2009/03/18 | ||